Verdad y método : fundamentos de una hermenéutica filosófica /
Saved in:
| Main Author: | |
|---|---|
| Other Authors: | |
| Format: | Book |
| Language: | Spanish German |
| Published: |
Salamanca :
Edciciones Sígueme,
1999-
|
| Series: | Hermeneia
7, 34 |
| Subjects: | |
| Tags: |
Add Tag
No Tags, Be the first to tag this record!
|
MARC
| LEADER | 00000nam a2200000 a 4500 | ||
|---|---|---|---|
| 001 | C01048405c-9 | ||
| 005 | 20150722112415.0 | ||
| 008 | 890314m19771995sp r 00010 spa d | ||
| 020 | |a 8430104631 (v.1) | ||
| 020 | |a 8430111808 (v.2) | ||
| 040 | |a la |c la |d CIICLA | ||
| 041 | 1 | |a spa |h ger | |
| 082 | 0 | 4 | |a 111.83 |b G123v8 |2 19 ed. |
| 100 | 1 | |a Gadamer, Hans-Georg |d 1900-2002. | |
| 245 | 1 | 0 | |a Verdad y método : |b fundamentos de una hermenéutica filosófica / |c Hans Georg Gadamer ; tradujeron Ana Agud Aparicio ... [y otros]. |
| 250 | |b 8. edición | ||
| 260 | |a Salamanca : |b Edciciones Sígueme, |c 1999- | ||
| 300 | |a 2 volúmenes | ||
| 490 | 1 | |a Hermeneia |v 7, 34 | |
| 504 | |a Notas bibliográficas al pie del texto. | ||
| 505 | 0 | |a v.1 Elucidación de la cuestion de la verdad ; Ontología de la obra de arte y su significado ; Expansión de la cuestión de la verdad a la comprensión en las ciencias del espíritu ; Fundamentos para una teoría de la experiencia hermenéutica. -- v.2 Entre fenomenología y dialéctica ; Problema de la historia en la reciente filosofía alemana ; Verdad en las ciencias del espíritu ; Que es la verdad ; Naturaleza de la cosa y el lenguaje de las cosas; | |
| 505 | 0 | |a Historia del concepto como filosofía ; Sobre la problemática de la autocomprensión ; Continuidad de la historia ; Hombre y lenguaje ; PLanificación del futuro ; Lenguaje y comprensión ; Incapacidad para el diálogo ; Ampliaciones ; Anexos. | |
| 650 | 1 | 6 | |a VERDAD (FILOSOFIA) |
| 650 | 1 | 6 | |a METODOLOGIA EN HUMANIDADES |
| 650 | 1 | 7 | |a HERMENEUTICA |
| 700 | 1 | |a Agud, Ana |e traducción | |
| 942 | |2 ddc |c BK | ||
| 999 | |c 4409 |d 4409 | ||



